| 000 | 00751nam a2200241 i 4500 | ||
|---|---|---|---|
| 003 | DO-SdBNP | ||
| 005 | 20240304175025.0 | ||
| 007 | ta | ||
| 008 | 110331s19? dr c r 000 0bspa d | ||
| 040 |
_aDO-SdBNP _bspa _cBNPHU _erda |
||
| 082 | 4 |
_bI597a _222 |
|
| 100 | 1 |
_aTolentino Dipp, Hugo, _d1930-2019 _912717 |
|
| 110 |
_aInstituto Dominicano de Educación integral _936880 |
||
| 245 | 1 | 0 |
_aAnatomia, fisiología e higiene : _b3ro. bachillerato |
| 264 | 1 |
_aSanto Domingo : _bIDEI, _c[fecha no identificada]. |
|
| 300 |
_avolumen : _bretratos ; _c24 cm. |
||
| 336 |
_2rdacontent _atexto _btxt |
||
| 337 |
_2rdamedia _asin mediación _bn |
||
| 338 |
_2rdacarrier _avolumen _bnc |
||
| 590 | _aInventariado, 2023/ DG | ||
| 910 | _aDG | ||
| 942 |
_2ddc _cLBS1 |
||
| 999 |
_c55264 _d55264 |
||